[Event "5MCR_4D_1L_1S"]
[Site "?"]
[Date "2002.??.??"]
[Round "?"]
[White "Svoboda, Frantisek"]
[Black "Hostinsky, Jiri"]
[Result "1/2-1/2"]
[WhiteElo "2420"]
[BlackElo "2430"]
[PlyCount "60"]
[EventDate "2002.??.??"]
[EventType "corr"]
[SourceDate "2004.??.??"]

1. c4 Nf6 2. Nc3 g6 3. e4 d6 4. d4 Bg7 5. g3 O-O 6. Bg2 e5 7. Nf3 Nc6 8. d5 Nd4
9. Nxd4 exd4 10. Ne2 Re8 11. f3 c5 12. dxc6 bxc6 13. Nxd4 Qa5+ 14. Bd2 Qc5 15.
Be3 Qxc4 16. Rc1 Qxa2 17. Nxc6 Bb7 18. O-O d5 19. Ra1 Qc4 20. Na5 Qb5 21. Nxb7
Qxb7 22. Bd4 dxe4 23. fxe4 Nxe4 24. Bxg7 Kxg7 25. Qd4+ Kg8 26. g4 Rad8 27. Qxa7
Qxb2 28. Qxf7+ Kh8 29. Rae1 Qd4+ 30. Kh1 Nd6 1/2-1/2

[Event "5MCR_4D_1L_1S"]
[Site "?"]
[Date "2002.??.??"]
[Round "?"]
[White "Svoboda, Frantisek"]
[Black "Jedlicka, Ales"]
[Result "1/2-1/2"]
[WhiteElo "2420"]
[BlackElo "2270"]
[PlyCount "92"]
[EventDate "2002.??.??"]
[EventType "corr"]
[SourceDate "2004.??.??"]

1. c4 g6 2. Nc3 c5 3. g3 Bg7 4. Bg2 Nc6 5. Nf3 e6 6. O-O Nge7 7. d3 O-O 8. Bf4
d5 9. Qc1 b6 10. cxd5 exd5 11. Bh6 d4 12. Bxg7 Kxg7 13. Nb5 Bb7 14. Na3 Qd7 15.
Nc4 f6 16. a3 Rae8 17. Re1 Nd5 18. Qd2 Re7 19. e4 dxe3 20. Nxe3 Ne5 21. Nxe5
Rxe5 22. Nc4 Rxe1+ 23. Rxe1 Ba6 24. Qc1 Nc7 25. Re3 Rf7 26. h4 h5 27. Be4 Qd4
28. Qc2 Bc8 29. Nd2 Re7 30. Nc4 b5 31. Na5 Qd6 32. b4 cxb4 33. Nc6 Re8 34. Nxb4
Bd7 35. Qc3 a5 36. Nc2 Qb6 37. d4 Be6 38. Qd2 Bf7 39. d5 Rd8 40. Rd3 Na6 41.
Bf3 b4 42. axb4 Nxb4 43. Nxb4 Qxb4 44. Qc2 a4 45. Qc7 Rd6 46. Re3 Qb6 1/2-1/2

[Event "5MCR_4D_1L_1S"]
[Site "?"]
[Date "2002.??.??"]
[Round "?"]
[White "Svoboda, Frantisek"]
[Black "Jerabek, Zdenek"]
[Result "1-0"]
[WhiteElo "2420"]
[BlackElo "2235"]
[PlyCount "31"]
[EventDate "2002.??.??"]
[EventType "corr"]
[SourceDate "2004.??.??"]

1. c4 e5 2. Nc3 Nc6 3. Nf3 Nf6 4. g3 Bb4 5. Nd5 Nxd5 6. cxd5 Nd4 7. Nxd4 exd4
8. Qc2 Qe7 9. Bg2 Ba5 10. O-O O-O 11. e4 c6 12. d3 cxd5 13. exd5 d6 14. Bf4 h6
15. Qa4 Bb4 16. Qxb4 1-0

[Event "5MCR_4D_1L_1S"]
[Site "?"]
[Date "2002.??.??"]
[Round "?"]
[White "Svoboda, Frantisek"]
[Black "Kolar, Pavel"]
[Result "1/2-1/2"]
[WhiteElo "2420"]
[BlackElo "2260"]
[PlyCount "36"]
[EventDate "2002.??.??"]
[EventType "corr"]
[SourceDate "2004.??.??"]

1. c4 e6 2. Nc3 d5 3. g3 d4 4. Na4 c5 5. Nf3 Bd6 6. Bg2 Nc6 7. d3 Nge7 8. O-O
O-O 9. Bd2 Rb8 10. a3 b6 11. e3 e5 12. b4 cxb4 13. axb4 Nxb4 14. exd4 Nxd3 15.
Qe2 e4 16. Qxe4 Bf5 17. Qe2 Qc8 18. c5 bxc5 1/2-1/2

[Event "5MCR_4D_1L_1S"]
[Site "?"]
[Date "2002.??.??"]
[Round "?"]
[White "Svoboda, Frantisek"]
[Black "Rybak, Radek"]
[Result "0-1"]
[WhiteElo "2420"]
[BlackElo "2390"]
[PlyCount "38"]
[EventDate "2002.??.??"]
[EventType "corr"]
[SourceDate "2004.??.??"]

1. c4 e6 2. Nc3 d5 3. d4 Nf6 4. Nf3 c5 5. cxd5 Nxd5 6. e4 Nxc3 7. bxc3 cxd4 8.
cxd4 Bb4+ 9. Bd2 Bxd2+ 10. Qxd2 O-O 11. Bc4 Nc6 12. O-O b6 13. Rad1 Bb7 14.
Rfe1 Ne7 15. d5 exd5 16. exd5 Nf5 17. Qf4 Nd6 18. Bb3 Qf6 19. Nd4 Qxf4 0-1

[Event "5MCR_4D_1L_1S"]
[Site "?"]
[Date "2002.??.??"]
[Round "?"]
[White "Svoboda, Frantisek"]
[Black "Straka, Zdenek"]
[Result "1/2-1/2"]
[WhiteElo "2420"]
[BlackElo "2360"]
[PlyCount "77"]
[EventDate "2002.??.??"]
[EventType "corr"]
[SourceDate "2004.??.??"]

1. c4 e5 2. Nc3 Nc6 3. Nf3 Nf6 4. g3 Bb4 5. Nd5 Bc5 6. Bg2 d6 7. O-O O-O 8. e3
a6 9. d4 Ba7 10. dxe5 Nxe5 11. Nxe5 dxe5 12. Qf3 Ne8 13. b3 c6 14. Nc3 Nf6 15.
Ne4 Nxe4 16. Qxe4 Re8 17. Qc2 Bg4 18. b4 Qf6 19. c5 Bf3 20. e4 Rad8 21. Be3 Bb8
22. Bg5 Qxg5 23. Bxf3 Rd4 24. Rfd1 Red8 25. Rxd4 Rxd4 26. Rd1 Qd8 27. Rxd4 Qxd4
28. Qd1 Qxd1+ 29. Bxd1 Bc7 30. Bg4 a5 31. bxa5 Bxa5 32. Bc8 b6 33. cxb6 Bxb6
34. Bb7 c5 35. Bd5 Kf8 36. Kf1 Ke7 37. Ke2 f6 38. a4 Kd6 39. f3 1/2-1/2

[Event "5MCR_4D_1L_1S"]
[Site "?"]
[Date "2002.??.??"]
[Round "?"]
[White "Svoboda, Frantisek"]
[Black "Zpevak, Pavel"]
[Result "1-0"]
[WhiteElo "2420"]
[BlackElo "2400"]
[PlyCount "71"]
[EventDate "2002.??.??"]
[EventType "corr"]
[SourceDate "2004.??.??"]

1. c4 Nf6 2. Nc3 e6 3. e4 c5 4. Nf3 Nc6 5. Be2 Be7 6. d4 cxd4 7. Nxd4 O-O 8.
O-O Qc7 9. Be3 a6 10. f4 d6 11. Qe1 Bd7 12. Qg3 Rfd8 13. Rad1 Rab8 14. a3 b5
15. e5 Ne8 16. cxb5 Nxd4 17. Bxd4 Bxb5 18. Nxb5 axb5 19. b4 g6 20. Qe3 Qb7 21.
g4 dxe5 22. fxe5 Rd7 23. Bf3 Qa6 24. Be4 Rbd8 25. Rd3 Bf8 26. Qf3 Bg7 27. Be3
Bxe5 28. Bb7 Qa4 29. Bc6 Bxh2+ 30. Kh1 Bd6 31. Bxd7 Rxd7 32. Qc6 Re7 33. Bg5
Qa7 34. Bxe7 Qxe7 35. g5 h6 36. Rdf3 1-0

[Event "5MCR_4D_1L_1S"]
[Site "?"]
[Date "2002.??.??"]
[Round "?"]
[White "Zpevak, Pavel"]
[Black "Boukal, Petr"]
[Result "1/2-1/2"]
[WhiteElo "2400"]
[BlackElo "2435"]
[PlyCount "54"]
[EventDate "2002.??.??"]
[EventType "corr"]
[SourceDate "2004.??.??"]

1. d4 Nf6 2. c4 g6 3. Nc3 Bg7 4. e4 d6 5. Nf3 O-O 6. Be2 e5 7. O-O Nc6 8. d5
Ne7 9. Ne1 Nd7 10. Be3 f5 11. f3 f4 12. Bf2 g5 13. a4 a5 14. Nd3 b6 15. b4 axb4
16. Nxb4 Nf6 17. Nd3 Ng6 18. Be1 Qd7 19. Nf2 h5 20. h3 Nh8 21. a5 bxa5 22. Nb5
c6 23. dxc6 Qxc6 24. Qxd6 Qxd6 25. Nxd6 a4 26. Bb4 Be6 27. c5 Rfb8 1/2-1/2

[Event "5MCR_4D_1L_1S"]
[Site "?"]
[Date "2002.??.??"]
[Round "?"]
[White "Zpevak, Pavel"]
[Black "Jedlicka, Ales"]
[Result "1-0"]
[WhiteElo "2400"]
[BlackElo "2270"]
[PlyCount "101"]
[EventDate "2002.??.??"]
[EventType "corr"]
[SourceDate "2004.??.??"]

1. d4 d5 2. c4 e6 3. Nc3 c6 4. e3 Nf6 5. Nf3 Nbd7 6. Qc2 Bd6 7. Be2 O-O 8. O-O
dxc4 9. Bxc4 b5 10. Bd3 Bb7 11. a3 Qe7 12. h3 a6 13. e4 e5 14. Bg5 c5 15. d5 c4
16. Be2 Qd8 17. a4 Qb6 18. axb5 axb5 19. b3 cxb3 20. Qxb3 Rxa1 21. Rxa1 b4 22.
Na4 Qa5 23. Qb1 Ra8 24. Nd2 Qc7 25. Be3 h6 26. Bb5 Qb8 27. Qf1 Qd8 28. Rb1 Bf8
29. f3 Rb8 30. Nb3 Bd6 31. Rc1 Nh5 32. Bxd7 Qxd7 33. Nac5 Qe7 34. Na5 Ba8 35.
Na6 Rf8 36. Nc4 Rd8 37. Nxd6 Qxd6 38. Qb5 Nf4 39. Bxf4 exf4 40. Nxb4 Rb8 41.
Qc5 Qxc5+ 42. Rxc5 Rxb4 43. Rc8+ Kh7 44. Rxa8 Rd4 45. Kf2 g5 46. Ke2 Kg6 47.
Ra6+ f6 48. Ra1 Kf7 49. h4 Kg6 50. Rh1 Kf7 51. h5 1-0

[Event "5MCR_4D_1L_1S"]
[Site "?"]
[Date "2002.??.??"]
[Round "?"]
[White "Zpevak, Pavel"]
[Black "Jerabek, Zdenek"]
[Result "1-0"]
[WhiteElo "2400"]
[BlackElo "2235"]
[PlyCount "85"]
[EventDate "2002.??.??"]
[EventType "corr"]
[SourceDate "2004.??.??"]

1. d4 Nf6 2. c4 g6 3. Nc3 Bg7 4. e4 d6 5. Nf3 O-O 6. Be2 e5 7. O-O Nc6 8. d5
Ne7 9. Ne1 Nd7 10. Be3 f5 11. f3 f4 12. Bf2 g5 13. a4 Ng6 14. a5 Kh8 15. Nb5
Nf6 16. Nxa7 Bd7 17. c5 dxc5 18. Bxc5 Rg8 19. Nb5 g4 20. Qc2 g3 21. h3 Ne8 22.
Ra3 b6 23. axb6 cxb6 24. Rxa8 Qxa8 25. Ba3 Bf8 26. Qc3 Qd8 27. Bxf8 Rxf8 28.
Nd3 Qg5 29. Nc7 Qh5 30. Ne6 Rf6 31. Ra1 Bxe6 32. dxe6 Rxe6 33. Qc8 Nf8 34. Nb4
Re7 35. Nd5 Qf7 36. Nxe7 Qxe7 37. Qc6 Nf6 38. Qxb6 N8d7 39. Qb5 Qd6 40. Rd1 Qc7
41. b4 Kg7 42. Bc4 Kf8 43. Be6 1-0

[Event "5MCR_4D_1L_1S"]
[Site "?"]
[Date "2002.??.??"]
[Round "?"]
[White "Zpevak, Pavel"]
[Black "Kolar, Pavel"]
[Result "1/2-1/2"]
[WhiteElo "2400"]
[BlackElo "2260"]
[PlyCount "53"]
[EventDate "2002.??.??"]
[EventType "corr"]
[SourceDate "2004.??.??"]

1. d4 e6 2. c4 d5 3. Nc3 c6 4. e3 Bd6 5. Bd3 f5 6. Qc2 Nf6 7. cxd5 cxd5 8. Nb5
Bb4+ 9. Bd2 Bxd2+ 10. Qxd2 Nc6 11. Ne2 O-O 12. O-O Ne4 13. Qe1 a6 14. Nbc3 Nb4
15. Bb1 Nc6 16. f3 Nxc3 17. Qxc3 Bd7 18. Bc2 Rc8 19. Qd2 Qa5 20. Nc3 Qb4 21. a3
Qe7 22. e4 Qd6 23. exd5 exd5 24. Rfe1 Be6 25. Bb3 Bf7 26. Ba2 f4 27. Rac1
1/2-1/2

[Event "5MCR_4D_1L_1S"]
[Site "?"]
[Date "2002.??.??"]
[Round "?"]
[White "Zpevak, Pavel"]
[Black "Merlicek, Jiri"]
[Result "1/2-1/2"]
[WhiteElo "2400"]
[BlackElo "2390"]
[PlyCount "107"]
[EventDate "2002.??.??"]
[EventType "corr"]
[SourceDate "2004.??.??"]

1. d4 Nf6 2. c4 e6 3. Nc3 Bb4 4. e3 O-O 5. Bd3 d5 6. Nf3 c5 7. O-O dxc4 8. Bxc4
cxd4 9. exd4 b6 10. Re1 Bb7 11. Bd3 Nc6 12. a3 Be7 13. Bc2 Qd6 14. Qd3 g6 15.
Bg5 Rfd8 16. Rad1 Rac8 17. Bb3 Qb8 18. Qe2 Kg7 19. d5 exd5 20. Ba4 Ng8 21. Bxc6
Bxc6 22. Bxe7 Re8 23. Nxd5 Bxd5 24. Rxd5 Rxe7 25. Qd2 Rxe1+ 26. Nxe1 Nf6 27.
Rd3 Rc6 28. h3 Qc7 29. Re3 Rc1 30. Qd4 a6 31. Re2 b5 32. Re3 Qc4 33. Qe5 Qd5
34. Kh2 h6 35. Kg3 Qxe5+ 36. Rxe5 Nd7 37. Re2 Nc5 38. Kf3 Rb1 39. b4 Nb7 40.
Ke4 Rd1 41. Nc2 Nd6+ 42. Kf3 Kf6 43. Re3 Nc4 44. Re2 Rd8 45. g3 h5 46. h4 Kg7
47. Kf4 f6 48. Re7+ Kf8 49. Re2 Kf7 50. Ke4 f5+ 51. Kf4 Kf6 52. Ne3 Rd4+ 53.
Kf3 Rd3 54. Ra2 1/2-1/2

[Event "5MCR_4D_1L_1S"]
[Site "?"]
[Date "2002.??.??"]
[Round "?"]
[White "Zpevak, Pavel"]
[Black "Rybak, Radek"]
[Result "1/2-1/2"]
[WhiteElo "2400"]
[BlackElo "2390"]
[PlyCount "47"]
[EventDate "2002.??.??"]
[EventType "corr"]
[SourceDate "2004.??.??"]

1. d4 Nf6 2. c4 e6 3. Nc3 d5 4. Bg5 Be7 5. e3 O-O 6. Nf3 h6 7. Bh4 b6 8. Bd3
Nbd7 9. O-O Bb7 10. Qe2 c5 11. Bg3 Ne4 12. cxd5 exd5 13. Rad1 Ndf6 14. dxc5
Nxc3 15. bxc3 Bxc5 16. Nd4 Qc8 17. f3 Re8 18. Bh4 Nd7 19. f4 Bf8 20. Bf5 Qc7
21. Nb5 Qc6 22. Nd4 Qc7 23. Nb5 Qc6 24. Nd4 1/2-1/2

[Event "5MCR_4D_1L_1S"]
[Site "?"]
[Date "2002.??.??"]
[Round "?"]
[White "Zpevak, Pavel"]
[Black "Straka, Zdenek"]
[Result "0-1"]
[WhiteElo "2400"]
[BlackElo "2360"]
[PlyCount "116"]
[EventDate "2002.??.??"]
[EventType "corr"]
[SourceDate "2004.??.??"]

1. d4 d5 2. c4 e6 3. Nc3 Nf6 4. Bg5 Be7 5. e3 O-O 6. Nf3 h6 7. Bh4 b6 8. Bd3
Bb7 9. O-O Nbd7 10. Qe2 c5 11. Bg3 Ne4 12. cxd5 exd5 13. Rfd1 Nxg3 14. hxg3 c4
15. Bf5 Bb4 16. Rac1 Nf6 17. Ne5 a6 18. g4 Bd6 19. f4 g6 20. Bc2 b5 21. Qf3 b4
22. Na4 Qe7 23. Rf1 Kg7 24. Rf2 Qc7 25. Bb1 Rae8 26. Qg3 Bc6 27. b3 Bxa4 28.
bxa4 a5 29. g5 hxg5 30. Qxg5 Qe7 31. g4 Ng8 32. Qxe7 Nxe7 33. e4 c3 34. Nd7
dxe4 35. Nxf8 e3 36. Re2 Kxf8 37. f5 gxf5 38. gxf5 Nd5 39. Kg2 Nf4+ 40. Kf3
Nxe2 41. Kxe2 Bf4 42. Rf1 Bg5 43. f6 Re6 44. Rf5 Bxf6 45. d5 Rb6 46. Kxe3 Bd8
47. Kd3 Rh6 48. Rf2 Bb6 49. Re2 f5 50. Bc2 Rh4 51. Bb3 Rd4+ 52. Kc2 f4 53. a3
f3 54. Rf2 Rf4 55. Rf1 Ke7 56. axb4 axb4 57. Kc1 f2 58. Kc2 Re4 0-1

[Event "5MCR_4D_1L_2S"]
[Site "?"]
[Date "2002.??.??"]
[Round "?"]
[White "Alexa, Jaroslav"]
[Black "Blatsky, Libor"]
[Result "1/2-1/2"]
[WhiteElo "2365"]
[BlackElo "2350"]
[PlyCount "98"]
[EventDate "2002.??.??"]
[EventType "corr"]
[SourceDate "2004.??.??"]

1. e4 c5 2. Nf3 d6 3. d4 cxd4 4. Nxd4 Nf6 5. Nc3 a6 6. Be3 e6 7. f3 b5 8. a3
Bb7 9. Qd2 Nbd7 10. g4 Nb6 11. O-O-O Rc8 12. h4 d5 13. g5 Nh5 14. exd5 b4 15.
axb4 Nxd5 16. Nxd5 Qxd5 17. Kb1 Ng3 18. Rg1 Nxf1 19. Rgxf1 Bd6 20. b5 Be7 21.
Qe2 axb5 22. Nxb5 Qe5 23. Na7 Rb8 24. Qb5+ Qxb5 25. Nxb5 O-O 26. Nc3 Bc6 27.
Bf4 Rbd8 28. Ne4 f6 29. gxf6 Rxd1+ 30. Rxd1 Bxf6 31. Bd6 Rd8 32. Nxf6+ gxf6 33.
f4 Kf7 34. c4 e5 35. fxe5 fxe5 36. Kc2 Ke6 37. c5 Rg8 38. Bc7 Bd5 39. Re1 e4
40. b4 Rg4 41. b5 Rxh4 42. c6 Rh5 43. Bb6 Kd6 44. Rd1 e3 45. Rd3 Rh2+ 46. Kc3
Rh4 47. Bxe3 Rc4+ 48. Kd2 Ke5 49. Ba7 Bxc6 1/2-1/2

[Event "5MCR_4D_1L_2S"]
[Site "?"]
[Date "2002.??.??"]
[Round "?"]
[White "Alexa, Jaroslav"]
[Black "Gresek, Jaromir"]
[Result "0-1"]
[WhiteElo "2365"]
[BlackElo "2015"]
[PlyCount "112"]
[EventDate "2002.??.??"]
[EventType "corr"]
[SourceDate "2004.??.??"]

1. e4 c5 2. Nf3 d6 3. d4 cxd4 4. Nxd4 Nf6 5. Nc3 Nc6 6. Bg5 e6 7. Qd2 a6 8.
O-O-O h6 9. Be3 Be7 10. f4 Bd7 11. Kb1 b5 12. Bd3 O-O 13. h3 Nxd4 14. Bxd4 Bc6
15. Qe3 Qc7 16. e5 dxe5 17. Bxe5 Qb7 18. Rhf1 Rac8 19. g4 b4 20. Ne2 Nd5 21.
Qg3 f6 22. Bd4 Bb5 23. h4 Bxd3 24. Qxd3 Rfd8 25. Qe4 Qc6 26. Rfe1 a5 27. Bf2 e5
28. g5 Qc4 29. Qxc4 Rxc4 30. fxe5 fxg5 31. hxg5 Bxg5 32. Nd4 Ne3 33. Rxe3 Rdxd4
34. Rxd4 Rxd4 35. Re1 Rd2 36. Bb6 Bh4 37. Rf1 Rd5 38. Bc7 Be7 39. c4 bxc3 40.
bxc3 Rc5 41. Bd6 Bxd6 42. exd6 Rxc3 43. Rd1 Rc8 44. d7 Rd8 45. Kc2 Kf7 46. Rd6
h5 47. Kd3 Ke7 48. Ra6 Rxd7+ 49. Ke4 h4 50. Rxa5 Kf6 51. a4 Rd1 52. Kf3 g5 53.
Ra8 Rd4 54. a5 g4+ 55. Ke2 Ra4 56. Ke3 g3 0-1

[Event "5MCR_4D_1L_2S"]
[Site "?"]
[Date "2002.??.??"]
[Round "?"]
[White "Alexa, Jaroslav"]
[Black "Janous, Petr"]
[Result "1/2-1/2"]
[WhiteElo "2365"]
[BlackElo "2295"]
[PlyCount "80"]
[EventDate "2002.??.??"]
[EventType "corr"]
[SourceDate "2004.??.??"]

1. e4 e5 2. Nf3 Nc6 3. d4 exd4 4. Nxd4 Nf6 5. Nxc6 bxc6 6. e5 Qe7 7. Qe2 Nd5 8.
c4 Ba6 9. g3 g6 10. b3 Bg7 11. Bb2 O-O 12. Bg2 Rae8 13. O-O Nb6 14. Re1 f6 15.
e6 Qxe6 16. Qxe6+ Rxe6 17. Rxe6 dxe6 18. Bxc6 Rd8 19. Na3 Kf7 20. Rc1 Rd6 21.
Bf3 c5 22. Rc2 Rd7 23. Nb5 Bc8 24. a4 a6 25. a5 axb5 26. cxb5 Bb7 27. Bxb7 Rxb7
28. axb6 Rxb6 29. Rxc5 Rb7 30. g4 g5 31. h4 gxh4 32. Bd4 Bf8 33. Rh5 e5 34.
Rxh7+ Bg7 35. Bc5 Rxb5 36. b4 Kg8 37. Rxh4 Bf8 38. Bxf8 Kxf8 39. g5 f5 40. Rh6
Ke7 1/2-1/2

[Event "5MCR_4D_1L_2S"]
[Site "?"]
[Date "2002.??.??"]
[Round "?"]
[White "Alexa, Jaroslav"]
[Black "Jirkovsky, Tomas"]
[Result "1-0"]
[WhiteElo "2365"]
[BlackElo "2180"]
[PlyCount "89"]
[EventDate "2002.??.??"]
[EventType "corr"]
[SourceDate "2004.??.??"]

1. e4 c6 2. d4 d5 3. Nc3 dxe4 4. Nxe4 Nd7 5. Nf3 Ngf6 6. Ng3 e6 7. Bc4 Bd6 8.
O-O O-O 9. Qe2 Qc7 10. Ne4 Nxe4 11. Qxe4 e5 12. dxe5 Nxe5 13. Ng5 g6 14. Qh4 h5
15. Bb3 Bf5 16. Re1 a5 17. Ne4 Ng4 18. h3 Rfe8 19. hxg4 Bxe4 20. Bg5 a4 21.
gxh5 axb3 22. hxg6 fxg6 23. Rxe4 bxc2 24. Rxe8+ Rxe8 25. Qc4+ Kg7 26. Qxc2 Bh2+
27. Kf1 Qa5 28. Qc3+ Qxc3 29. bxc3 Be5 30. Re1 Kf7 31. c4 b5 32. Re4 Re6 33.
cxb5 cxb5 34. Ke2 Bd4 35. f3 Bc5 36. Rxe6 Kxe6 37. Be3 Bd6 38. g4 Kd5 39. Kd3
Ba3 40. Bd2 Be7 41. Bc3 Bd6 42. Bd2 Be7 43. Bf4 Ba3 44. Bb8 Be7 45. f4 1-0

[Event "5MCR_4D_1L_2S"]
[Site "?"]
[Date "2002.??.??"]
[Round "?"]
[White "Alexa, Jaroslav"]
[Black "Plesek, Jiri"]
[Result "1/2-1/2"]
[WhiteElo "2365"]
[BlackElo "2400"]
[PlyCount "101"]
[EventDate "2002.??.??"]
[EventType "corr"]
[SourceDate "2004.??.??"]

1. e4 e5 2. Nf3 Nc6 3. d4 exd4 4. Nxd4 Nf6 5. Nxc6 bxc6 6. e5 Qe7 7. Qe2 Nd5 8.
c4 Nb6 9. Nc3 Qe6 10. Qe4 d5 11. exd6 cxd6 12. Be3 Qxe4 13. Nxe4 Bf5 14. f3 Be7
15. O-O-O Rd8 16. Bd3 O-O 17. Rhe1 d5 18. cxd5 Rxd5 19. Bc2 Rxd1+ 20. Rxd1 Nd5
21. Bf2 Rd8 22. Ba4 a5 23. Bc5 Kf8 24. Bxc6 Bxe4 25. fxe4 Bxc5 26. exd5 Ke7 27.
Kc2 Rc8 28. a3 Kd6 29. Rf1 Rc7 30. Kc3 Re7 31. b4 axb4+ 32. axb4 Be3 33. Kd3 f6
34. Ra1 Ra7 35. Re1 Ra3+ 36. Kc4 f5 37. h4 g6 38. g3 g5 39. hxg5 Bxg5 40. Re6+
Kc7 41. Re5 Rxg3 42. Rxf5 Rg4+ 43. Kc3 Kd6 44. Rf7 Rg3+ 45. Kc4 Rg4+ 46. Kb3
Rg3+ 47. Ka4 h5 48. Rd7+ Ke5 49. b5 Kd4 50. Rc7 Bf4 51. Rh7 1/2-1/2

[Event "5MCR_4D_1L_2S"]
[Site "?"]
[Date "2002.??.??"]
[Round "?"]
[White "Alexa, Jaroslav"]
[Black "Pokrupa, Marek"]
[Result "1-0"]
[WhiteElo "2365"]
[BlackElo "2200"]
[PlyCount "61"]
[EventDate "2002.??.??"]
[EventType "corr"]
[SourceDate "2004.??.??"]

1. d4 Nf6 2. c4 g6 3. Nc3 Bg7 4. e4 d6 5. f3 O-O 6. Be3 e5 7. d5 Nh5 8. Qd2 f5
9. O-O-O a6 10. Bd3 Nd7 11. Nge2 b5 12. exf5 bxc4 13. Bb1 gxf5 14. Ng3 Nf4 15.
Nxf5 Rxf5 16. Bxf5 Nc5 17. Be4 Nfd3+ 18. Kb1 Rb8 19. b3 Nxb3 20. axb3 Rxb3+ 21.
Ka1 c5 22. dxc6 Ra3+ 23. Na2 Be6 24. Rc1 d5 25. Rc3 Rxc3 26. Qxc3 dxe4 27. fxe4
Qc7 28. Rf1 Qxc6 29. Qa5 h6 30. Nc3 Qd6 31. Rb1 1-0

[Event "5MCR_4D_1L_2S"]
[Site "?"]
[Date "2002.??.??"]
[Round "?"]
[White "Alexa, Jaroslav"]
[Black "Trexler, Evzen"]
[Result "1/2-1/2"]
[WhiteElo "2365"]
[BlackElo "2365"]
[PlyCount "63"]
[EventDate "2002.??.??"]
[EventType "corr"]
[SourceDate "2004.??.??"]

1. d4 d5 2. c4 e6 3. Nf3 c6 4. Nc3 dxc4 5. a4 Bb4 6. e3 b5 7. Bd2 a5 8. axb5
Bxc3 9. Bxc3 cxb5 10. b3 Bb7 11. bxc4 b4 12. Bb2 Nf6 13. Bd3 O-O 14. O-O Nbd7
15. Re1 Re8 16. c5 Bc6 17. e4 a4 18. Bc2 a3 19. Bc1 Qc7 20. e5 Nd5 21. Qd3 Nf8
22. Ng5 f5 23. exf6 gxf6 24. Ne4 Qg7 25. f3 Ng6 26. Nd6 Re7 27. Kh1 Kh8 28. g3
Rg8 29. Bb3 f5 30. Ra2 f4 31. Rf1 Ra7 32. Raf2 1/2-1/2

[Event "5MCR_4D_1L_2S"]
[Site "?"]
[Date "2002.??.??"]
[Round "?"]
[White "Blatsky, Libor"]
[Black "Dedina, Miroslav"]
[Result "1/2-1/2"]
[WhiteElo "2350"]
[BlackElo "2285"]
[PlyCount "83"]
[EventDate "2002.??.??"]
[EventType "corr"]
[SourceDate "2004.??.??"]

1. e4 e6 2. d4 d5 3. Nc3 Bb4 4. e5 c5 5. a3 cxd4 6. axb4 dxc3 7. Nf3 cxb2 8.
Bxb2 Ne7 9. Bd3 Na6 10. Qd2 O-O 11. O-O Bd7 12. Bd4 Nf5 13. Bxf5 exf5 14. Ra5
Be6 15. Rfa1 Qd7 16. Be3 Rfc8 17. Nd4 Rc4 18. c3 Rd8 19. f4 h6 20. Nc2 d4 21.
Nxd4 Qc8 22. R5a4 Nc7 23. Rxa7 Nd5 24. Nb5 Qc6 25. Ra8 Rxa8 26. Rxa8+ Kh7 27.
Nd4 Qc7 28. Ra3 Qd7 29. Qd3 b5 30. Qd2 Qb7 31. Bf2 Qd7 32. h3 Qb7 33. Kh2 Qd7
34. g3 Rc7 35. Qd3 Rc4 36. Nf3 Qc8 37. Bd4 Rc6 38. Ne1 Ra6 39. Rxa6 Qxa6 40.
Ng2 Bd7 41. Be3 Qa2 42. Kg1 1/2-1/2

[Event "5MCR_4D_1L_2S"]
[Site "?"]
[Date "2002.??.??"]
[Round "?"]
[White "Blatsky, Libor"]
[Black "Efler, David"]
[Result "1-0"]
[WhiteElo "2350"]
[BlackElo "2195"]
[PlyCount "37"]
[EventDate "2002.??.??"]
[EventType "corr"]
[SourceDate "2004.??.??"]

1. e4 c5 2. Nf3 e6 3. d4 cxd4 4. Nxd4 a6 5. Nc3 Qc7 6. Bd3 Nf6 7. O-O Bc5 8.
Nb3 Be7 9. f4 d6 10. Qf3 Nc6 11. Be3 O-O 12. Rae1 b5 13. e5 dxe5 14. fxe5 Nd7
15. Bf4 Bb7 16. Qg3 g6 17. a3 Rfd8 18. Qf2 b4 19. Nd5 1-0

[Event "5MCR_4D_1L_2S"]
[Site "?"]
[Date "2002.??.??"]
[Round "?"]
[White "Blatsky, Libor"]
[Black "Jirk, Ales"]
[Result "1/2-1/2"]
[WhiteElo "2350"]
[BlackElo "2210"]
[PlyCount "56"]
[EventDate "2002.??.??"]
[EventType "corr"]
[SourceDate "2004.??.??"]

1. e4 e6 2. d4 d5 3. Nc3 Nf6 4. Bg5 dxe4 5. Nxe4 Be7 6. Bxf6 Bxf6 7. Nf3 O-O 8.
Qd2 Nd7 9. O-O-O Be7 10. Qc3 c5 11. Bb5 Qc7 12. Ne5 Nf6 13. Nxc5 Nd5 14. Qg3
Bxc5 15. dxc5 Qxc5 16. Bc4 f6 17. Bxd5 exd5 18. Nd3 Qc4 19. b3 Qc3 20. Qf3 Rd8
21. Rhe1 g6 22. Nf4 Qa1+ 23. Kd2 Qxa2 24. Qc3 Qa6 25. Re7 Qd6 26. Qc7 Qxc7 27.
Rxc7 Rd7 28. Rc5 b6 1/2-1/2

[Event "5MCR_4D_1L_2S"]
[Site "?"]
[Date "2002.??.??"]
[Round "?"]
[White "Blatsky, Libor"]
[Black "Ramik, Jiri"]
[Result "1/2-1/2"]
[WhiteElo "2350"]
[BlackElo "2340"]
[PlyCount "60"]
[EventDate "2002.??.??"]
[EventType "corr"]
[SourceDate "2004.??.??"]

1. e4 e6 2. d4 d5 3. Nc3 Nf6 4. Bg5 dxe4 5. Nxe4 Nbd7 6. Nf3 h6 7. Nxf6+ Nxf6
8. Be3 Bd6 9. Bd3 Bd7 10. Qe2 Qe7 11. O-O O-O 12. c3 c5 13. Rad1 Rfd8 14. dxc5
Bxc5 15. Ne5 Be8 16. Bf4 Nd5 17. Bg3 a6 18. Rfe1 Rac8 19. Qf3 b5 20. Be4 Nf6
21. Bb7 Rb8 22. Nc6 Bxc6 23. Rxd8+ Rxd8 24. Qxc6 b4 25. cxb4 Bxb4 26. Rc1 a5
27. Qb5 Rd2 28. h3 Rxb2 29. Rc8+ Kh7 30. Qd3+ g6 1/2-1/2

[Event "5MCR_4D_1L_2S"]
[Site "?"]
[Date "2002.??.??"]
[Round "?"]
[White "Blatsky, Libor"]
[Black "Riha, Jan"]
[Result "1-0"]
[WhiteElo "2350"]
[BlackElo "2315"]
[PlyCount "87"]
[EventDate "2002.??.??"]
[EventType "corr"]
[SourceDate "2004.??.??"]

1. e4 e5 2. Nf3 Nf6 3. Nxe5 d6 4. Nf3 Nxe4 5. d4 d5 6. Bd3 Be7 7. O-O Nc6 8. c4
Nf6 9. Nc3 O-O 10. h3 Nb4 11. Be2 dxc4 12. Bxc4 Bf5 13. a3 Nbd5 14. Re1 c6 15.
Bg5 h6 16. Bh4 Nf4 17. Ne5 Be6 18. Bxe6 Nxe6 19. Ng6 fxg6 20. Rxe6 Qd7 21. Qb3
Kh7 22. Rae1 Rae8 23. Bg3 Bd8 24. Rxe8 Rxe8 25. Rxe8 Nxe8 26. d5 cxd5 27. Qxd5
Qxd5 28. Nxd5 g5 29. Kf1 Kg6 30. Ke2 Kf5 31. Kd3 Nf6 32. Ne3+ Ke6 33. Bb8 Bb6
34. f3 Bxe3 35. Kxe3 Nd5+ 36. Kd4 Nf4 37. Bxf4 gxf4 38. Ke4 g5 39. a4 Kf6 40.
h4 a5 41. hxg5+ hxg5 42. Kd5 Kg6 43. Ke5 Kh5 44. Kf5 1-0

[Event "5MCR_4D_1L_2S"]
[Site "?"]
[Date "2002.??.??"]
[Round "?"]
[White "Blatsky, Libor"]
[Black "Svrsek, Radomir"]
[Result "1/2-1/2"]
[WhiteElo "2350"]
[BlackElo "2165"]
[PlyCount "98"]
[EventDate "2002.??.??"]
[EventType "corr"]
[SourceDate "2004.??.??"]

1. e4 c6 2. d4 d5 3. Nd2 dxe4 4. Nxe4 Nd7 5. Bc4 Ngf6 6. Ng5 e6 7. Qe2 Nb6 8.
Bb3 h6 9. N5f3 a5 10. a4 Nbd5 11. c3 b6 12. Bc4 Bd6 13. Ne5 Bb7 14. Ngf3 Qc7
15. Bd2 Rb8 16. O-O O-O 17. Rfe1 c5 18. Rad1 cxd4 19. cxd4 Rbc8 20. Bb3 Qe7 21.
Rc1 Rfd8 22. Bc4 Rc7 23. Ba6 Bxa6 24. Qxa6 Qf8 25. Rxc7 Bxc7 26. Qd3 Rc8 27.
Rc1 Ne7 28. b4 axb4 29. Bxb4 Nfd5 30. Ba3 Qd8 31. Rc4 Ra8 32. Bxe7 Nxe7 33. Qb1
Rc8 34. Qb5 Nd5 35. Nc6 Qd6 36. Qb2 Bd8 37. Qc1 Rc7 38. g3 Bf6 39. Nce5 Be7 40.
Qc2 Rxc4 41. Qxc4 Bf8 42. Qc8 Qc7 43. Qe8 Nf6 44. Qa8 g6 45. Nd2 Kg7 46. Ndc4
Nd5 47. Qc6 Qxc6 48. Nxc6 g5 49. g4 Kg8 1/2-1/2

[Event "5MCR_4D_1L_2S"]
[Site "?"]
[Date "2002.??.??"]
[Round "?"]
[White "Blatsky, Libor"]
[Black "Trexler, Evzen"]
[Result "1/2-1/2"]
[WhiteElo "2350"]
[BlackElo "2365"]
[PlyCount "63"]
[EventDate "2002.??.??"]
[EventType "corr"]
[SourceDate "2004.??.??"]

1. e4 e5 2. Nf3 Nf6 3. Nxe5 d6 4. Nf3 Nxe4 5. d4 d5 6. Bd3 Be7 7. O-O Nc6 8. c4
Nb4 9. Be2 O-O 10. Nc3 b6 11. a3 Nxc3 12. bxc3 Nc6 13. cxd5 Qxd5 14. Bf4 Bd6
15. c4 Qe4 16. Be3 Bf5 17. Re1 Rab8 18. Ng5 Qc2 19. Qxc2 Bxc2 20. h3 h6 21. Nf3
Rfe8 22. h4 Na5 23. c5 bxc5 24. dxc5 Be7 25. Bf4 Nb3 26. Ra2 Be4 27. Bxc7 Rb7
28. Bb5 Rxb5 29. Rxe4 Nxc5 30. Rb4 Rxb4 31. axb4 Ne6 32. Bg3 1/2-1/2